Možnosti zlepšenia logistických procesov vo vybranom podniku diplomová práca

Saved in:
Bibliographic Details
Main Author: Mačingová, Ľudmila
Corporate Author: Podnikovohospodárska fakulta EU so sídlom v Košiciach. Katedra obchodného podnikania
Other Authors: Gontkovičová, Barbora, 1986-
Format: Book
Language:Slovak
Published: Košice 2018
Tags: Add Tag
No Tags, Be the first to tag this record!

MARC

LEADER 00000nbm a2200000 4500
001 0244126
005 20181025084516.5
041 0 |a slo 
044 |a SK 
245 1 0 |a Možnosti zlepšenia logistických procesov vo vybranom podniku  |b diplomová práca  |c Ľudmila Mačingová ; školiteľ: Barbora Gontkovičová 
264 1 |a Košice  |c 2018 
300 |a 65 s. 
100 1 |a Mačingová, Ľudmila 
700 1 |a Gontkovičová, Barbora, 1986- 
710 2 |a Podnikovohospodárska fakulta EU so sídlom v Košiciach. Katedra obchodného podnikania